000 01088nam0a22002411 4500
001 rc\2662760
005 20260407012400.0
035 _a(NLR Aleph) 006969526
090 _a5426180
_c5426180
100 _a20110617d1932 |||y0rusy50 ca
101 0 _arus
102 _aRU
105 _ay z |||||
200 1 _aЖурнал-задание слушателя II семестра (навигационного - полузаочного) Рабоче технической школы судоводительской специальности на навигацию 1932 года
_fНар. ком. вод. трансп. Сектор кадров ...
210 _a[Ленинград]
_cУпр. Сев.-Зап. речн. транспорта
_d[1932]
215 _aТит. л., 78 с.
_d24х16 см
300 _aЛитогр. изд.
710 0 2 _aСеверо-Западное управление речного транспорта
_9497495
_3RU\NLR\AUTH\8810000164
801 0 _aRU
_bNLR
_gpsbo
801 1 _aRU
_bELAR
_2rusmarc
852 _aNLR
_j32-11/1988
942 _cBOOK
980 _aNB